Los códigos de la vida. (Registro nro. 2485)
[ vista simple ]
| 000 -LEADER | |
|---|---|
| fixed length control field | 00698nam a2200193 a 4500 |
| 008 - CAMPO DE CONTROL (LIBRO) | |
| fixed length control field | 170927e1997 ag ||||| |||| 00| 0 spa d |
| 020 ## - INTERNATIONAL STANDARD BOOK NUMBER | |
| ISBN | 9505813473 |
| 092 ## - SIGNATURA TOPOGRAFICA DEWEY LOCAL | |
| número de clasificación | 574 |
| libristica | 3 |
| sección | ALJ |
| 100 1# - ENTRADA PRINCIPAL--NOMBRE PERSONAL | |
| Nombre personal | Aljanati, David |
| 9 (RLIN) | 2956 |
| 245 #4 - TITULO PROPIAMENTE DICHO | |
| Título | Los códigos de la vida. |
| Subtítulo y Título paralelo | Biologia III / |
| Mención de responsabilidad y remanente de la transcripción de la portada | David Aljanati |
| 250 ## - MENCION DE EDICION | |
| Mención de edición | 1a ed. |
| 260 ## - PIE DE IMPRENTA | |
| Lugar de publicación, distribución, etc | Buenos Aires: |
| Nombre de la editorial, distribuidor, etc | Ediciones Colihue; |
| Fecha de publicación | 1997. |
| 300 ## - DESCRIPCION FISICA | |
| Extension | 356 p. |
| 500 ## - NOTA GENERAL | |
| Nota general | Aljanati, D., Wolovelsky, E. y Tambussi, C. (1997). Los códigos de la vida. Biologia III. (1a ed.). Buenos Aires : Colihue. |
| 590 ## - NOTAS LOCALES (RLIN) | |
| Nota local | DONACION Rotarac Club Cipolletti Comahue. Septiembre 2017 |
| 700 1# - ENTRADAS SECUNDARIAS - NOMBRE PERSONAL | |
| Nombre personal | Wolovelsky, Eduardo |
| 9 (RLIN) | 2958 |
| 700 1# - ENTRADAS SECUNDARIAS - NOMBRE PERSONAL | |
| Nombre personal | Tambussi, Claudia |
| 9 (RLIN) | 2959 |
| 942 ## - ADDED ENTRY ELEMENTS (KOHA) | |
| Source of classification or shelving scheme | Dewey Decimal Classification |
| Item type | LITERATURA |
| Estado de retiro | Existencia | Fuente de clasificación | Estado general | No para prestamo | Colección | Ubicación permanente | ubicación actual | Sala de ubicación | Fecha de adquisición | Fuente de adquisición | Total Checkouts | Número de clasificación | Código de barras | Date last seen | Número de ejemplar | Price effective from | Koha tipo de elemento (item) | Public note | Coded location qualifier |
|---|---|---|---|---|---|---|---|---|---|---|---|---|---|---|---|---|---|---|---|
| Dewey Decimal Classification | Non-fiction | Biblioteca Medicina | Biblioteca Medicina | Circulación | 27/09/2017 | Donacion | 574;3;ALJ | 3951 | 27/09/2017 | Ej. 1 | 27/09/2017 | LITERATURA | Hemeroteca 2022. DONACION Rotarac Club Cipolletti Comahue |